Pater Bernhardus : (Record no. 118527)
[ view plain ]
| 000 -LEADER | |
|---|---|
| fixed length control field | 01142cam a2200301 a 4500 |
| 001 - CONTROL NUMBER | |
| control field | 11990252 |
| 003 - CONTROL NUMBER IDENTIFIER | |
| control field | ARRUPE |
| 005 - DATE AND TIME OF LATEST TRANSACTION | |
| control field | 20131105171332.0 |
| 008 - FIXED-LENGTH DATA ELEMENTS--GENERAL INFORMATION | |
| fixed length control field | 000501s1999 miua b 001 0 eng d |
| 010 ## - LIBRARY OF CONGRESS CONTROL NUMBER | |
| LC control number | 00266593 |
| 020 ## - INTERNATIONAL STANDARD BOOK NUMBER | |
| Cancelled/invalid ISBN | 0879073682 |
| 035 ## - SYSTEM CONTROL NUMBER | |
| System control number | (OCoLC)ocm43525574 |
| 040 ## - CATALOGING SOURCE | |
| Original cataloging agency | VXM |
| Transcribing agency | VXM |
| Modifying agency | DLC |
| 042 ## - AUTHENTICATION CODE | |
| Authentication code | lccopycat |
| 050 00 - LIBRARY OF CONGRESS CALL NUMBER | |
| Classification number | BR333.2 |
| Item number | .P67 1999 |
| 300 ## - PHYSICAL DESCRIPTION | |
| Other physical details | ill. ; |
| Dimensions | 23 cm. |
| 100 1# - MAIN ENTRY--PERSONAL NAME | |
| Personal name | Posset, Franz. |
| 9 (RLIN) | 3316 |
| 245 10 - TITLE STATEMENT | |
| Title | Pater Bernhardus : |
| Remainder of title | Martin Luther and Bernard of Clairvaux / |
| Statement of responsibility, etc | by Franz Posset ; foreword by Michael Casey ; preface by Bernhard Lohse. |
| 246 3# - VARYING FORM OF TITLE | |
| Title proper/short title | Martin Luther and Bernard of Clairvaux. |
| 260 ## - PUBLICATION, DISTRIBUTION, ETC. (IMPRINT) | |
| Place of publication, distribution, etc | Kalamazoo, Mich. : |
| Name of publisher, distributor, etc | Cistercian Publications, |
| Date of publication, distribution, etc | c1999. |
| 300 ## - PHYSICAL DESCRIPTION | |
| Extent | 426 p. : |
| 440 #0 - SERIES STATEMENT/ADDED ENTRY--TITLE | |
| Title | Cistercian studies series ; |
| Volume number/sequential designation | no. 168 |
| 9 (RLIN) | 3317 |
| 504 ## - BIBLIOGRAPHY, ETC. NOTE | |
| Bibliography, etc | Includes bibliographical references (p. 397-422) and index. |
| 600 10 - SUBJECT ADDED ENTRY--PERSONAL NAME | |
| Personal name | Luther, Martin, |
| Dates associated with a name | 1483-1546. |
| 9 (RLIN) | 3318 |
| 600 00 - SUBJECT ADDED ENTRY--PERSONAL NAME | |
| Personal name | Bernard, |
| Titles and other words associated with a name | of Clairvaux, Saint, |
| Dates associated with a name | 1090 or 1091-1153 |
| General subdivision | Influence. |
| 9 (RLIN) | 3319 |
| 906 ## - LOCAL DATA ELEMENT F, LDF (RLIN) | |
| a | 7 |
| b | cbc |
| c | copycat |
| d | 2 |
| e | ncip |
| f | 19 |
| g | y-gencatlg |
| 942 ## - ADDED ENTRY ELEMENTS (KOHA) | |
| Source of classification or shelving scheme | Library of Congress Classification |
| Koha item type | Monograph ( Printed materials) |
| Withdrawn status | Lost status | Source of classification or shelving scheme | Damaged status | Not for loan | Collection code | Home library | Current library | Shelving location | Date acquired | Total Checkouts | Full call number | Barcode | Date last seen | Date checked out | Price effective from | Koha item type |
|---|---|---|---|---|---|---|---|---|---|---|---|---|---|---|---|---|
| Library of Congress Classification | Main Collection | ARRUPE LIBRARY | ARRUPE LIBRARY | Main Collection | 05/11/2013 | 1 | BR333.2 .P67 1999 | 46410446 | 05/07/2016 | 24/06/2016 | 05/11/2013 | Monograph ( Printed materials) |